Statistics for European Airport Codes

Click here to take the quiz!

General Stats

  • This quiz has been taken 107 times
    (78 since last reset)
  • The average score is 48 of 101

Answer Stats

City / AirportCode% Correct
BrusselsBRU
98%
DublinDUB
96%
London HeathrowLHR
91%
Paris Charles de GaullesCDG
87%
ManchesterMAN
87%
Amsterdam SchipholAMS
85%
EdinburghEDI
85%
LisbonLIS
85%
AthensATH
83%
Madrid BarajasMAD
83%
NiceNCE
83%
Paris OrlyORY
83%
London GatwickLGW
80%
Barcelona El PratBCN
76%
London CityLCY
76%
PraguePRG
76%
Rome FiumicinoFCO
74%
London LutonLTN
72%
BudapestBUD
70%
FrankfurtFRA
70%
Istanbul AtaturkIST
70%
ViennaVIE
70%
WarsawWAW
70%
HamburgHAM
67%
London StanstedSTN
65%
BirminghamBHX
63%
NaplesNAP
63%
Berlin TegelTXL
63%
Milan LinateLIN
61%
MunichMUC
61%
Milan MalpensaMXP
61%
OsloOSL
61%
BelfastBFS
57%
ZagrebZAG
57%
Stockholm ArlandaARN
54%
CopenhagenCPH
54%
FaroFAO
54%
HelsinkiHEL
54%
MarseilleMRS
54%
Venice Marco PoloVCE
54%
PortoOPO
52%
ZurichZRH
52%
AlicanteALC
50%
Moscow SheremetyevoSVO
50%
LjubljanaLJU
48%
RigaRIX
48%
Tenerife SouthTFS
48%
KrakowKRK
46%
TurinTRN
46%
BremenBRE
43%
CologneCGN
43%
SofiaSOF
43%
ToulouseTLS
43%
GothenburgGOT
41%
GenevaGVA
41%
LyonLYS
41%
CorkORK
41%
Tenerife NorthTFN
41%
Rome CiampinoCIA
39%
Moscow DomodedovoDME
39%
FlorenceFLR
39%
LarnacaLCA
39%
Saint PetersburgLED
39%
MalagaAGP
37%
MaltaMLA
37%
BordeauxBOD
35%
Berlin SchönefeldSXF
35%
TallinnTLL
35%
ValenciaVLC
35%
BelgradeBEG
33%
GdanskGDN
33%
ChisinauKIV
33%
SkopjeSKP
33%
DubrovnikDBV
30%
BucharestOTP
30%
London SouthendSEN
30%
BilbaoBIO
28%
BillundBLL
28%
BolognaBLQ
28%
BratislavaBTS
28%
Brussels South CharleroiCRL
28%
Kiev BorispolKBP
28%
MinskMSQ
28%
UmeaUME
28%
Cluj-NapocaCLJ
26%
Moscow VnukovoVKO
26%
VilniusVNO
26%
Barcelona ReusREU
24%
Istanbul Sabiha GokcenSAW
24%
SevillaSVQ
24%
SarajevoSJJ
22%
TiranaTIA
22%
Milan BergamoBGY
20%
ThessalonikiSKG
20%
HannoverHAJ
17%
PodgoricaTGD
13%
Stockholm BrommaBMA
11%
NantesNTN
11%
StrasbourgSXB
9%
Venice TrevisoTSF
9%
Stockholm SkavstaNYO
2%

Score Distribution

Percentile by Number Answered

Percent of People with Each Score

Your Score History

You have not taken this quiz since the last reset